| 000 -LEADER |
| fixed length control field |
00647nam a22001817a 4500 |
| 001 - CONTROL NUMBER |
| control field |
12502 |
| 003 - CONTROL NUMBER IDENTIFIER |
| control field |
BD-DhUAP |
| 005 - DATE AND TIME OF LATEST TRANSACTION |
| control field |
20201116130334.0 |
| 008 - FIXED-LENGTH DATA ELEMENTS--GENERAL INFORMATION |
| fixed length control field |
201116s2008 bg |||| |||| 000 0 ben d |
| 040 ## - CATALOGING SOURCE |
| Original cataloging agency |
BD-DhUAP |
| Language of cataloging |
Ben |
| Transcribing agency |
BD-DhUAP |
| Modifying agency |
BD-DhUAP |
| 082 ## - DEWEY DECIMAL CLASSIFICATION NUMBER |
| Edition number |
23 |
| Classification number |
891.445 CHO |
| 100 ## - MAIN ENTRY--PERSONAL NAME |
| Personal name |
চৌধুরী, প্রণব। |
| 245 ## - TITLE STATEMENT |
| Title |
রসতত্ত্ব ও অলংকার পরিচয় / |
| Statement of responsibility, etc. |
প্রণব চৌধুরী। |
| 260 ## - PUBLICATION, DISTRIBUTION, ETC. |
| Place of publication, distribution, etc. |
ঢাকা : |
| Name of publisher, distributor, etc. |
পুথিঘর, |
| Date of publication, distribution, etc. |
২০০৮। |
| 300 ## - PHYSICAL DESCRIPTION |
| Extent |
১১৭ পৃষ্ঠা ; |
| Dimensions |
২১ সেমি.। |
| 650 ## - SUBJECT ADDED ENTRY--TOPICAL TERM |
| Topical term or geographic name entry element |
Bengali Literature |
| Form subdivision |
Rhetoric. |
| 942 ## - ADDED ENTRY ELEMENTS (KOHA) |
| Source of classification or shelving scheme |
|
| Koha item type |
Book |